Czasowniki - j. włoski cz.4 - Statystyki

Ogólne statystyki
  • Ten quiz został rozwiązany 104 razy
  • Średni wynik to 6 z 10
Statystyki odpowiedzi
po polsku po włosku % Poprawnych
żyć vivere
80%
używać usare
71%
wracać tornare
67%
znaleźć trovare
64%
widzieć vedere
62%
podróżować viaggiare
55%
wygrywać vincere
55%
odwiedzać, zwiedzać visitare
53%
dzwonić telefonare
49%
sprzedawać vendere
47%
Nie znaleziono quizów pasujących do podanych kryteriów
Rozkład punktacji
Procent ludzi z każdym wynikiem
Percentyl według liczby udzielonych odpowiedzi
Twoja historia wyników
Nie rozwiązałeś tego quizu